000 00668nam a2200229Ia 4500
003 OSt
005 20220924122440.0
006 a|||||r|||| 00| 0
007 ta
008 220923b |||||||| |||| 00| 0 pur d
024 _a309383
037 _cTextual
040 _aARTS
_cARTS
_bpur
041 _2pur
_apur
082 _aO164,3K55,1, 168K3
100 _aHaidri Haider Bakhs
_9189548
245 0 _aUrdu ka classiki adab
_b Tota kahani
260 _aLahrore
_bMajjis e Taraqqi abab Pakistan
_c1963
650 _aPERSIAN LITERATURE
_9309
942 _hO164,3K55,1, 168K3
_cTEXL
_2CC
999 _c411685
_d411685